000 00278nam a22001217a 4500
008 180807b xxu||||| |||| 00| 0 eng d
082 _a813.52
245 _aEssential Biology with Physiology
_cCampbell
260 _c2004
300 _a1
_fCD
760 _b2nd
942 _2ddc
_cMX
999 _c46892
_d46892